Príklady na opakovanie stredoškolskej matematiky

Bibliographic Details
Format: Book
Language:Slovak
PhysicalDescription:61 s., 4,18 AH Sch. 29 cm
Published: Bratislava S.l. Alfa SVŠT v Bratislave [vyd.] 1982
Edition:1. vyd.
Series:Vysokoškolské učebné texty
Subjects:

MARC

LEADER 00000nam a2200000 a 4500
001 vtls001100039
003 SK-MaSNL
005 20260301055535.0
008 250414s1982 xo 0 slo
015 |a SNBA1982/12 
035 |a SNK000042881 
040 |a SNK  |b slo  |c SNK  |e AACR2 
041 0 |a slo 
044 |a xo  |c SK 
080 |a 51(075.8)  |2 1981 
245 0 0 |a Príklady na opakovanie stredoškolskej matematiky 
250 |a 1. vyd. 
260 |a Bratislava  |b Alfa  |a S.l.  |b SVŠT v Bratislave [vyd.]  |c 1982  |e Bratislava  |f Západoslovenské tlačiarne 
300 |a 61 s., 4,18 AH  |b Sch.  |c 29 cm 
366 |e 1000 výtl. 
490 1 |a Vysokoškolské učebné texty 
650 0 7 |a matematika  |2 SNKPH  |9 70174 
655 7 |a učebnice vysokých škôl  |2 SNKPH  |9 70191 
830 0 |a Vysokoškolské učebné texty  |9 276539 
852 |a Slovenská národná knižnica 
958 |a OND 
958 |a TL 
958 |a UV 
999 |c 613593  |d 615523 
952 |t P60, <04>, [BOOK], {604}  |a SNK  |b SNK  |y VYP  |7 0  |p 17A0117676  |o snkSB 34737 D1  |0 0  |1 0  |4 0  |d 1998-01-14  |l 0  |r 2004-12-31 00:00:00  |w 2026-02-23 
952 |a SNK  |b SNK  |y PREZ  |7 0  |p 17A0953039  |o snkSB 34737   |0 0  |1 0  |4 0  |d 2012-07-19  |f 1  |l 0  |r 2025-04-10 00:00:00  |w 2026-02-23